The effects of the adoption of women suffrage : sex differences in voting behavior, Illinois, 1914-1921 /

Bibliographic Details
Main Author: Goldstein, Joel Harris, 1944-
Format: Thesis Book
Language:English
Published: [Place of publication not identified] : [publisher not identified] ; 1973.
Subjects:

MARC

Tag First Indicator Second Indicator Subfields
LEADER 00000cam a2200000 a 4500
001 in00000085835
005 20151008053313.0
008 820825r1973 ilub b 00010 eng d
035 |a (OCoLC)08717725 
035 |9 AAH6986AM 
040 |a JNA  |c JNA  |d TXA  |d UtOrBLW 
043 |a n-us-il 
049 |a TXAM  |c [802398] 
090 |a JK1911 I3  |b  G66 1982 
100 1 |a Goldstein, Joel Harris,  |d 1944- 
245 1 4 |a The effects of the adoption of women suffrage :  |b  sex differences in voting behavior, Illinois, 1914-1921 /  |c by Joel Harris Goldstein. 
264 1 |a [Place of publication not identified] :  |b [publisher not identified] ;  |c 1973. 
300 |a ix, 253 leaves :  |b 1 map. 
336 |a text  |b txt  |2 rdacontent 
337 |a unmediated  |b n  |2 rdamedia 
338 |a volume  |b nc  |2 rdacarrier 
502 |b Ph.D.  |c University of Chicago  |d 1973. 
504 |a Bibliography: leaves 250-253. 
533 |a Photocopy.  |b Chicago, Ill. :  |c University of Chicago Library, Dept. of Duplicating,  |d [1982?]  |e 22 cm. 
650 0 |a Women  |x Suffrage  |z Illinois. 
650 0 |a Elections  |z Illinois. 
999 |a MARS 
999 f f |s 7fc0ad67-3b2a-3989-a011-208161978422  |i 81c08bc7-7fc6-365e-acc4-58fe46a59573  |t 0 
952 f f |p normal  |a Texas A&M University  |b College Station  |c Sterling C. Evans Library  |d Evans: Library Stacks  |t 0  |e JK1911 I3 G66 1982  |h Library of Congress classification  |i unmediated -- volume  |m A14805921761 
998 f f |a JK1911 I3 G66 1982  |t 0  |l Evans: Library Stacks